Countries of Europe by Coats of Arms (Images) - Statistics

General Stats
  • This quiz has been taken 1,364 times
  • The average score is 30 of 45
Answer Stats
Hint Answer % Correct
File:Coat of arms of Albania.svg Albania
91%
File:Coat of arms of Greece.svg Greece
91%
File:Coat of arms of Switzerland.svg Switzerland
89%
File:Coat of arms of Croatia.svg Croatia
88%
File:Coat of arms of Iceland.svg Iceland
88%
File:Coat of arms of Bosnia and Herzegovina.svg Bosnia and Herzegovina
86%
File:Emblem of Italy.svg Italy
85%
File:Austria Bundesadler.svg Austria
84%
File:Coat of arms of Belarus.svg Belarus
84%
File:Coat of arms of Kosovo.svg Kosovo
84%
File:Coat of arms of Malta.svg Malta
84%
File:Coat of arms of Slovakia.svg Slovakia
84%
File:Coat of arms of Germany.svg Germany
83%
File:Coat of arms of Portugal.svg Portugal
80%
File:Coat of arms of Slovenia.svg Slovenia
76%
File:Escudo de España (mazonado).svg Spain
76%
File:Coat of arms of Ireland.svg Ireland
75%
File:Coat of arms of the Vatican City.svg Vatican City
75%
File:Royal Coat of Arms of the United Kingdom.svg United Kingdom
73%
File:Coat of arms of San Marino.svg San Marino
69%
File:Coat of arms of Andorra.svg Andorra
68%
File:Coat of arms of Hungary.svg Hungary
68%
File:Herb Polski.svg Poland
65%
File:Coat of arms of Moldova.svg Moldova
64%
File:Coat of arms of Serbia.svg Serbia
63%
File:Lesser Coat of Arms of Ukraine.svg Ukraine
62%
File:Great coat of arms of Belgium.svg Belgium
61%
File:Coat of arms of the Republic of Macedonia.svg Macedonia
60%
File:Coat of arms of Montenegro.svg Montenegro
56%
File:Coat of Arms of the Russian Federation.svg Russia
56%
File:National Coat of arms of Denmark.svg Denmark
53%
File:Armoiries république française.svg France
53%
File:Greater coat of arms of Sweden.svg Sweden
52%
File:Coat of arms of Lithuania.svg Lithuania
49%
File:Coat of arms of Romania.svg Romania
49%
Coat of arms of Bulgaria.svg Bulgaria
47%
File:Coat of arms of Luxembourg.svg Luxembourg
46%
File:Coat of arms of Finland.svg Finland
45%
File:Royal coat of arms of the Netherlands.svg Netherlands
45%
File:Coat of arms of the Czech Republic.svg Czech Republic
44%
File:Coat of arms of Norway.svg Norway
44%
File:Coat of arms of Monaco.svg Monaco
43%
File:Coat of arms of Estonia.svg Estonia
42%
File:Staatswappen-Liechtensteins.svg Liechtenstein
41%
File:Coat of arms of Latvia.svg Latvia
39%
No matching quizzes found
Score Distribution
Percent of People with Each Score
Percentile by Number Answered
Your Score History
You have not taken this quiz